[Event "Parcetic Memorial 7th"]
[Site "Sombor"]
[Date "1976.??.??"]
[Round "4"]
[White "Hernandez Onna, Roman"]
[Black "Benko, Pal C"]
[Result "1/2-1/2"]
[WhiteElo "2460"]
[BlackElo "2480"]
[PlyCount "80"]
[EventDate "1976.12.??"]
[EventType "tourn"]
[EventRounds "13"]
[EventCountry "YUG"]
[SourceTitle "EXT 2003"]
[Source "ChessBase"]
[SourceDate "2002.11.25"]

1. c4 e5 2. Nc3 Nf6 3. Nf3 Nc6 4. g3 Bb4 5. Bg2 O-O 6. O-O Bxc3 7. dxc3 d6 8.
Nd2 Be6 9. e4 Nd7 10. Qe2 a5 11. Rd1 Nb6 12. a4 Qc8 13. b3 Nd7 14. Ba3 Re8 15.
Nf1 Nc5 16. Bxc5 dxc5 17. Ne3 Ne7 18. Nd5 Nxd5 19. cxd5 Bd7 20. Qe3 b6 21. f4
Qd8 22. f5 Qf6 23. Ra2 h6 24. Bf1 Rad8 25. Rg2 Kh7 26. Rdd2 Rg8 27. g4 g5 28.
h3 Kg7 29. Rh2 Kf8 30. Rdg2 Ke7 31. Qg3 Rh8 32. h4 Rdg8 33. hxg5 hxg5 34. Rxh8
Rxh8 35. Rh2 Rxh2 36. Qxh2 Kf8 37. Qh7 Qg7 38. Qh5 Qf6 39. Qh7 Qg7 40. Qh5 Qf6
1/2-1/2

[Event "Parcetic Memorial 7th"]
[Site "Sombor"]
[Date "1976.??.??"]
[Round "6"]
[White "Hernandez Onna, Roman"]
[Black "Damjanovic, Mato"]
[Result "1/2-1/2"]
[WhiteElo "2460"]
[BlackElo "2425"]
[PlyCount "21"]
[EventDate "1976.12.??"]
[EventType "tourn"]
[EventRounds "13"]
[EventCountry "YUG"]
[SourceTitle "EXT 2003"]
[Source "ChessBase"]
[SourceDate "2002.11.25"]

1. c4 e5 2. Nc3 Nf6 3. Nf3 Nc6 4. g3 Bb4 5. Bg2 O-O 6. O-O Bxc3 7. bxc3 Re8 8.
d3 e4 9. Nd4 h6 10. Nxc6 bxc6 11. Qa4 1/2-1/2

[Event "Parcetic Memorial 7th"]
[Site "Sombor"]
[Date "1976.??.??"]
[Round "7"]
[White "Barle, Janez"]
[Black "Hernandez Onna, Roman"]
[Result "0-1"]
[WhiteElo "2480"]
[BlackElo "2460"]
[PlyCount "81"]
[EventDate "1976.12.??"]
[EventType "tourn"]
[EventRounds "13"]
[EventCountry "YUG"]
[SourceTitle "EXT 2003"]
[Source "ChessBase"]
[SourceDate "2002.11.25"]

1. Nf3 c5 2. b3 Nf6 3. Bb2 e6 4. c4 Nc6 5. g3 b6 6. Bg2 Bb7 7. O-O Be7 8. e3
O-O 9. Nc3 Re8 10. Rc1 h6 11. d3 d6 12. Nh4 Nd7 13. Qh5 Bxh4 14. gxh4 Nf6 15.
Qe2 Na5 16. f3 d5 17. Qf2 Qe7 18. Ne2 Rad8 19. Rcd1 dxc4 20. bxc4 Rd7 21. Ng3
Red8 22. Qe2 Ne8 23. h5 Qh4 24. f4 Bxg2 25. Kxg2 f5 26. h3 Nc6 27. Bc3 Nf6 28.
Rd2 Rf8 29. Rfd1 g5 30. hxg6 Rg7 31. Qf3 Rxg6 32. Bxf6 Rfxf6 33. Kh2 Rg4 34.
Nh1 e5 35. Qd5+ Kh7 36. fxe5 Rfg6 37. Qf7+ Kh8 38. Qxf5 R4g5 39. Qc8+ Kh7 40.
Qd7+ Kh8 41. Rf1 0-1

[Event "Parcetic Memorial 7th"]
[Site "Sombor"]
[Date "1976.??.??"]
[Round "8"]
[White "Hernandez Onna, Roman"]
[Black "Plachetka, Jan"]
[Result "1/2-1/2"]
[WhiteElo "2460"]
[BlackElo "2470"]
[PlyCount "83"]
[EventDate "1976.12.??"]
[EventType "tourn"]
[EventRounds "13"]
[EventCountry "YUG"]
[SourceTitle "EXT 2003"]
[Source "ChessBase"]
[SourceDate "2002.11.25"]

1. Nf3 Nf6 2. c4 g6 3. Nc3 Bg7 4. g3 O-O 5. Bg2 d6 6. O-O c6 7. d4 Qa5 8. h3 e5
9. e4 exd4 10. Nxd4 Qc5 11. Nb3 Qxc4 12. Qxd6 a5 13. Rd1 Qb4 14. Bf4 Ne8 15.
Qd2 a4 16. Nd4 Qa5 17. Nc2 Na6 18. Bh6 Qh5 19. Bxg7 Nxg7 20. g4 Qa5 21. Qd4 Nc7
22. b4 Qg5 23. Qe3 Qxe3 24. Nxe3 Nge6 25. e5 Nf4 26. Ne4 Kg7 27. a3 h5 28. Nd6
hxg4 29. hxg4 Rb8 30. Nxc8 Rfxc8 31. Rd7 Nce6 32. Nc4 Rd8 33. Rad1 Nd4 34. Rxd8
Rxd8 35. Kf1 Nfe6 36. Be4 Kf8 37. Rd3 Ke7 38. Nd6 b6 39. f4 c5 40. bxc5 bxc5
41. f5 gxf5 42. gxf5 1/2-1/2

[Event "Parcetic Memorial 7th"]
[Site "Sombor"]
[Date "1976.??.??"]
[Round "9"]
[White "Kovacevic, Vlatko"]
[Black "Hernandez Onna, Roman"]
[Result "1/2-1/2"]
[WhiteElo "2480"]
[BlackElo "2460"]
[PlyCount "62"]
[EventDate "1976.12.??"]
[EventType "tourn"]
[EventRounds "13"]
[EventCountry "YUG"]
[SourceTitle "EXT 2003"]
[Source "ChessBase"]
[SourceDate "2002.11.25"]

1. d4 Nf6 2. Bg5 e6 3. Nd2 d5 4. e3 Be7 5. f4 b6 6. c3 Bb7 7. Nh3 Nbd7 8. Bd3
h6 9. Bxf6 Nxf6 10. O-O Ne4 11. Bxe4 dxe4 12. Nf2 f5 13. Qh5+ Kf8 14. Qg6 Bf6
15. g4 Bc8 16. Nc4 Qe8 17. Ne5 Bxe5 18. Qxe8+ Kxe8 19. dxe5 g6 20. Rfd1 Ke7 21.
Kg2 Bd7 22. h4 Rag8 23. Kg3 Bc8 24. b4 h5 25. gxh5 gxh5+ 26. Kh2 Ba6 27. Rd2
Rd8 28. Rad1 Rxd2 29. Rxd2 Rg8 30. Nh3 Rg4 31. Nf2 Rg8 1/2-1/2

[Event "Parcetic Memorial 7th"]
[Site "Sombor"]
[Date "1976.??.??"]
[Round "12"]
[White "Commons, Kim S"]
[Black "Hernandez Onna, Roman"]
[Result "1/2-1/2"]
[WhiteElo "2420"]
[BlackElo "2460"]
[PlyCount "57"]
[EventDate "1976.12.??"]
[EventType "tourn"]
[EventRounds "13"]
[EventCountry "YUG"]
[SourceTitle "EXT 2003"]
[Source "ChessBase"]
[SourceDate "2002.11.25"]

1. Nf3 Nf6 2. c4 c5 3. Nc3 g6 4. g3 Bg7 5. Bg2 O-O 6. d4 cxd4 7. Nxd4 Nc6 8.
O-O Nxd4 9. Qxd4 d6 10. Qd3 Qa5 11. Bd2 Qh5 12. f3 Be6 13. b3 d5 14. Nxd5 Nxd5
15. cxd5 Bxa1 16. dxe6 Rfd8 17. exf7+ Kf8 18. Qb1 Qc5+ 19. Kh1 Rxd2 20. Qxa1
Qd4 21. Qxd4 Rxd4 22. f4 Rb8 23. a4 Kxf7 24. Kg1 b5 25. axb5 Rxb5 26. Ra1 a5
27. Kf2 Rdb4 28. Rd1 Ke6 29. Rd3 1/2-1/2

[Event "Torremolinos"]
[Site "Torremolinos"]
[Date "1977.??.??"]
[Round "?"]
[White "Gheorghiu, Florin"]
[Black "Hernandez Onna, Roman"]
[Result "1-0"]
[WhiteElo "2545"]
[BlackElo "2435"]
[PlyCount "75"]
[EventDate "1977.??.??"]
[EventType "tourn"]
[EventRounds "11"]
[EventCountry "ESP"]
[SourceTitle "EXT 2010"]
[Source "ChessBase"]
[SourceDate "2010.11.25"]

1. d4 Nf6 2. c4 c5 3. d5 g6 4. Nc3 Bg7 5. e4 d6 6. h3 O-O 7. Bd3 e6 8. Nf3 exd5
9. exd5 Re8+ 10. Be3 Nh5 11. O-O f5 12. Bg5 Bf6 13. Qd2 Na6 14. Rfe1 Nc7 15. a3
Bd7 16. b4 Rxe1+ 17. Rxe1 b6 18. Rb1 Bxg5 19. Nxg5 h6 20. Nf3 g5 21. h4 f4 22.
hxg5 hxg5 23. Bg6 Bg4 24. Nh2 Nf6 25. g3 Qd7 26. bxc5 bxc5 27. gxf4 Bf5 28.
Bxf5 Qxf5 29. Rb7 gxf4 30. Rxc7 Kh8 31. f3 Rg8+ 32. Kh1 Qg5 33. Qf2 Nh5 34. Ng4
Ng3+ 35. Kg1 Re8 36. Qh2+ Nh5 37. Qb2 Kg8 38. Ne4 1-0

[Event "Biel"]
[Site "Biel"]
[Date "1977.??.??"]
[Round "7"]
[White "Hernandez Onna, Roman"]
[Black "Kestler, Hans Guenther"]
[Result "1-0"]
[WhiteElo "2435"]
[BlackElo "2440"]
[PlyCount "61"]
[EventDate "1977.07.18"]
[EventType "tourn"]
[EventRounds "15"]
[EventCountry "SUI"]
[EventCategory "9"]
[SourceTitle "EXT 2000"]
[Source "ChessBase"]
[SourceDate "1999.11.16"]

1. c4 g6 2. Nc3 Bg7 3. g3 e5 4. Bg2 d6 5. Nf3 Nc6 6. d3 Nge7 7. O-O O-O 8. Rb1
Nd4 9. b4 Nxf3+ 10. Bxf3 f5 11. Bg2 f4 12. b5 h5 13. Ne4 h4 14. e3 h3 15. Bh1
fxg3 16. fxg3 Nf5 17. Rb2 Be6 18. Rbf2 Qe7 19. Qg4 Nh6 20. Qxg6 Rxf2 21. Rxf2
Rf8 22. Ng5 Rxf2 23. Kxf2 Bf5 24. Bd5+ Kh8 25. Nf7+ Qxf7 26. Bxf7 Bxg6 27. Bxg6
Ng4+ 28. Ke2 e4 29. Bxe4 Nxh2 30. Bf5 Be5 31. Kf2 1-0

[Event "Biel"]
[Site "Biel"]
[Date "1977.??.??"]
[Round "13"]
[White "Huss, Andreas"]
[Black "Hernandez Onna, Roman"]
[Result "0-1"]
[WhiteElo "2350"]
[BlackElo "2435"]
[PlyCount "80"]
[EventDate "1977.07.18"]
[EventType "tourn"]
[EventRounds "15"]
[EventCountry "SUI"]
[EventCategory "9"]
[SourceTitle "EXT 2000"]
[Source "ChessBase"]
[SourceDate "1999.11.16"]

1. d4 Nf6 2. Nf3 g6 3. c4 Bg7 4. Nc3 c5 5. d5 d6 6. g3 O-O 7. Bg2 e6 8. O-O
exd5 9. cxd5 Bg4 10. Nd2 Qd7 11. Qb3 b5 12. f3 b4 13. Nd1 Bh3 14. Bxh3 Qxh3 15.
Nf2 Qd7 16. e4 a5 17. a4 Ne8 18. Nc4 Qc7 19. f4 Nd7 20. Be3 Nef6 21. Rad1 Rfe8
22. Qd3 Nb6 23. Nxb6 Qxb6 24. Rc1 Qa6 25. Rc4 Nd7 26. b3 Nb6 27. e5 Nxc4 28.
bxc4 dxe5 29. Ne4 exf4 30. Bxc5 Rac8 31. d6 Rxc5 32. Nxc5 Qa7 33. Qd5 Re5 34.
Qc6 Qxc5+ 35. Qxc5 Rxc5 36. d7 Bf6 37. Rxf4 Be7 38. Rd4 Kg7 39. d8=Q Bxd8 40.
Rxd8 Rxc4 0-1

[Event "Kostic Memorial"]
[Site "Vrsac"]
[Date "1977.??.??"]
[Round "11"]
[White "Nikolin, Dusan"]
[Black "Hernandez Onna, Roman"]
[Result "0-1"]
[WhiteElo "2200"]
[BlackElo "2435"]
[PlyCount "116"]
[EventDate "1977.09.14"]
[EventType "tourn"]
[EventRounds "15"]
[EventCountry "YUG"]
[EventCategory "9"]
[SourceTitle "EXT 2002"]
[Source "ChessBase"]
[SourceDate "2001.11.25"]

1. e4 e5 2. Nf3 Nc6 3. Bb5 a6 4. Ba4 Nf6 5. O-O Be7 6. Re1 b5 7. Bb3 d6 8. c3
O-O 9. h3 Na5 10. Bc2 c5 11. d4 Qc7 12. Nbd2 Nc6 13. d5 Nd8 14. Nf1 Ne8 15. Ng3
g6 16. a4 Rb8 17. b4 c4 18. Bh6 Ng7 19. Nh2 f6 20. Qd2 Nf7 21. Be3 f5 22. exf5
gxf5 23. f4 Bh4 24. Nhf1 Qd8 25. axb5 axb5 26. Ra7 Qf6 27. Rea1 Qg6 28. Kh2 Kh8
29. Bd1 Rg8 30. R1a2 Bb7 31. Bf3 Bd8 32. Qd1 exf4 33. Bxf4 Bb6 34. R7a3 Ne5 35.
Rd2 Rbe8 36. Ra1 Qf6 37. Nh1 Ng4+ 38. Bxg4 fxg4 39. Bg3 Qxc3 40. Bxd6 gxh3 41.
g3 Nf5 42. Bc5 Bxc5 43. bxc5 Ne3 44. Nxe3 Rxe3 45. c6 Bc8 46. Ra8 Qe5 47. Qg1
c3 48. Rc2 Rd3 49. Qf2 Rxd5 50. Re2 Qd4 51. Qf7 Rf5 52. Qa2 Rf1 53. Rf2 Rxf2+
54. Qxf2 Qxf2+ 55. Nxf2 Bf5 56. Rxg8+ Kxg8 57. c7 c2 58. Nd3 Kf7 0-1

[Event "Havana Radio Rebelde"]
[Site "Havana"]
[Date "1978.??.??"]
[Round "1"]
[White "Hernandez Onna, Roman"]
[Black "Velez, Nestor"]
[Result "1-0"]
[WhiteElo "2470"]
[BlackElo "2335"]
[PlyCount "83"]
[EventDate "1978.02.24"]
[EventType "tourn"]
[EventRounds "11"]
[EventCountry "CUB"]
[EventCategory "5"]
[SourceTitle "EXT 2003"]
[Source "ChessBase"]
[SourceDate "2002.11.25"]

1. c4 g6 2. Nc3 Bg7 3. Nf3 d6 4. d4 Nf6 5. e4 O-O 6. Be2 Bg4 7. O-O Nfd7 8. Be3
e5 9. d5 f5 10. Ng5 Bxe2 11. Qxe2 Nc5 12. exf5 gxf5 13. f4 h6 14. Ne6 Nxe6 15.
dxe6 e4 16. g4 Nc6 17. gxf5 Bxc3 18. bxc3 Qf6 19. Bd4 Nxd4 20. cxd4 Qxf5 21. d5
c6 22. Rad1 Rac8 23. Rd4 cxd5 24. cxd5 Kh8 25. Qxe4 Rg8+ 26. Kh1 Qh3 27. Rdd1
Rg7 28. Qf3 Qf5 29. Qd3 Qh5 30. Rg1 Rc2 31. h3 Rcc7 32. Rxg7 Kxg7 33. Qg3+ Qg6
34. Rg1 Qxg3 35. Rxg3+ Kf6 36. Rg8 Rc5 37. Rf8+ Ke7 38. Rf5 b5 39. Kg2 a5 40.
Kf3 b4 41. Rf7+ Ke8 42. Ke4 1-0

[Event "Havana Radio Rebelde"]
[Site "Havana"]
[Date "1978.??.??"]
[Round "2"]
[White "Jimenez Zerquera, Eleazar"]
[Black "Hernandez Onna, Roman"]
[Result "1/2-1/2"]
[WhiteElo "2370"]
[BlackElo "2470"]
[PlyCount "24"]
[EventDate "1978.02.24"]
[EventType "tourn"]
[EventRounds "11"]
[EventCountry "CUB"]
[EventCategory "5"]
[SourceTitle "EXT 2003"]
[Source "ChessBase"]
[SourceDate "2002.11.25"]

1. e4 c5 2. Nf3 Nc6 3. d4 cxd4 4. Nxd4 g6 5. Nc3 Bg7 6. Be3 Nf6 7. Be2 O-O 8.
O-O d5 9. exd5 Nxd5 10. Nxd5 Nxd4 11. Bxd4 Qxd5 12. Bxg7 Qxd1 1/2-1/2

[Event "Havana Radio Rebelde"]
[Site "Havana"]
[Date "1978.??.??"]
[Round "3"]
[White "Hernandez Onna, Roman"]
[Black "Diaz, Joaquin Carlos"]
[Result "1/2-1/2"]
[WhiteElo "2470"]
[BlackElo "2340"]
[PlyCount "91"]
[EventDate "1978.02.24"]
[EventType "tourn"]
[EventRounds "11"]
[EventCountry "CUB"]
[EventCategory "5"]
[SourceTitle "EXT 2003"]
[Source "ChessBase"]
[SourceDate "2002.11.25"]

1. c4 Nf6 2. Nc3 c5 3. g3 Nc6 4. Bg2 e6 5. Nf3 d5 6. cxd5 Nxd5 7. O-O Be7 8. d4
cxd4 9. Nxd5 exd5 10. Nxd4 O-O 11. Be3 Bf6 12. Rc1 Bg4 13. Nxc6 bxc6 14. Rxc6
d4 15. Rxf6 Qxf6 16. Bxd4 Qa6 17. Bxa8 Bxe2 18. Bb7 Qb5 19. a4 Qc4 20. b3 Qe6
21. Bd5 Qxd5 22. Qxe2 Qxd4 23. Rd1 Qb6 24. Qe3 Qxe3 25. fxe3 Rb8 26. b4 Kf8 27.
b5 Ke7 28. Rc1 Kd7 29. Kf2 a6 30. bxa6 Rb6 31. Rc4 Rxa6 32. Rg4 g6 33. Kf3 Ra5
34. Rb4 Rc5 35. Rb7+ Ke6 36. Ra7 Rc2 37. h4 h5 38. Ra6+ Ke5 39. Ra5+ Ke6 40.
Rb5 Ra2 41. a5 Ra4 42. Rb6+ Ke5 43. Rb5+ Kd6 44. Rb6+ Ke5 45. Rb5+ Kd6 46. Rb6+
1/2-1/2

[Event "Havana Radio Rebelde"]
[Site "Havana"]
[Date "1978.??.??"]
[Round "4"]
[White "Vera Gonzalez Quevedo, Reynaldo"]
[Black "Hernandez Onna, Roman"]
[Result "1/2-1/2"]
[WhiteElo "2380"]
[BlackElo "2470"]
[PlyCount "29"]
[EventDate "1978.02.24"]
[EventType "tourn"]
[EventRounds "11"]
[EventCountry "CUB"]
[EventCategory "5"]
[SourceTitle "EXT 2003"]
[Source "ChessBase"]
[SourceDate "2002.11.25"]

1. e4 c5 2. Nf3 Nc6 3. Bb5 g6 4. O-O Bg7 5. Re1 Nf6 6. Nc3 O-O 7. e5 Ne8 8.
Bxc6 dxc6 9. h3 Nc7 10. d3 Ne6 11. b3 f5 12. exf6 Bxf6 13. Bd2 Nd4 14. Nxd4
Bxd4 15. Ne4 1/2-1/2

[Event "Havana Radio Rebelde"]
[Site "Havana"]
[Date "1978.??.??"]
[Round "5"]
[White "Hernandez Onna, Roman"]
[Black "Estevez Morales, Guillermo"]
[Result "1/2-1/2"]
[WhiteElo "2470"]
[BlackElo "2350"]
[PlyCount "31"]
[EventDate "1978.02.24"]
[EventType "tourn"]
[EventRounds "11"]
[EventCountry "CUB"]
[EventCategory "5"]
[SourceTitle "EXT 2003"]
[Source "ChessBase"]
[SourceDate "2002.11.25"]

1. c4 Nf6 2. Nc3 c5 3. g3 e6 4. Nf3 Nc6 5. Bg2 Be7 6. O-O O-O 7. d4 d5 8. cxd5
Nxd5 9. Nxd5 exd5 10. dxc5 Bxc5 11. Ng5 h6 12. Qc2 Bxf2+ 13. Rxf2 hxg5 14. Qd2
Be6 15. Qxg5 Qxg5 16. Bxg5 1/2-1/2

[Event "Havana Radio Rebelde"]
[Site "Havana"]
[Date "1978.??.??"]
[Round "7"]
[White "Hernandez Onna, Roman"]
[Black "Garcia, Gilberto"]
[Result "1-0"]
[WhiteElo "2470"]
[BlackElo "2250"]
[PlyCount "67"]
[EventDate "1978.02.24"]
[EventType "tourn"]
[EventRounds "11"]
[EventCountry "CUB"]
[EventCategory "5"]
[SourceTitle "EXT 2003"]
[Source "ChessBase"]
[SourceDate "2002.11.25"]

1. d4 g6 2. c4 Nf6 3. Nc3 Bg7 4. e4 d6 5. Nf3 O-O 6. Be2 Nbd7 7. O-O e5 8. Be3
c6 9. dxe5 dxe5 10. b4 Ng4 11. Bg5 f6 12. Bc1 Qe7 13. c5 Rd8 14. Qb3+ Kh8 15.
Ba3 Nf8 16. b5 Ne6 17. bxc6 bxc6 18. h3 Nh6 19. Qa4 Nd4 20. Rfe1 f5 21. exf5
gxf5 22. Nxd4 Rxd4 23. Qxc6 Bb7 24. Qb5 Rg8 25. c6 Qxa3 26. cxb7 Rb4 27. Qc6
Rb6 28. Qc7 e4 29. Nd5 Bd4 30. Nxb6 Qxh3 31. Qh2 Bxf2+ 32. Kh1 Qxh2+ 33. Kxh2
Bxb6 34. Rac1 1-0

[Event "Havana Radio Rebelde"]
[Site "Havana"]
[Date "1978.??.??"]
[Round "8"]
[White "Ortega, Rogelio"]
[Black "Hernandez Onna, Roman"]
[Result "0-1"]
[WhiteElo "2315"]
[BlackElo "2470"]
[PlyCount "102"]
[EventDate "1978.02.24"]
[EventType "tourn"]
[EventRounds "11"]
[EventCountry "CUB"]
[EventCategory "5"]
[SourceTitle "EXT 2003"]
[Source "ChessBase"]
[SourceDate "2002.11.25"]

1. e4 c5 2. Nf3 Nc6 3. d4 cxd4 4. Nxd4 e6 5. Nxc6 bxc6 6. Bd3 Nf6 7. Nd2 e5 8.
c4 Be7 9. O-O O-O 10. Qe2 d6 11. h3 a5 12. a4 Nd7 13. Nb3 c5 14. Bd2 Nb8 15. f4
Nc6 16. fxe5 dxe5 17. Bc3 Bd6 18. Nd2 Qe7 19. Qh5 Bc7 20. Rf3 Ra6 21. Rg3 Nd4
22. Nf1 Rg6 23. Kh2 Rxg3 24. Nxg3 g6 25. Qh6 f5 26. Nf1 f4 27. Nd2 Qd8 28. Rg1
Rf7 29. g3 Ne6 30. Be2 fxg3+ 31. Kxg3 Nf4 32. Bf1 Bd6 33. Kh2 Bf8 34. Qg5 Be7
35. Qg3 Bh4 36. Qe3 Ne6 37. Nf3 Nd4 38. Bg2 Be6 39. b3 Rb7 40. Nxh4 Qxh4 41.
Be1 Qf4+ 42. Qxf4 exf4 43. Rf1 g5 44. h4 Rxb3 45. hxg5 f3 46. Bh1 Bxc4 47. Rf2
Be2 48. e5 c4 49. Kg3 c3 50. Kf4 c2 51. Bd2 Rd3 0-1

[Event "Havana Radio Rebelde"]
[Site "Havana"]
[Date "1978.??.??"]
[Round "9"]
[White "Hernandez Onna, Roman"]
[Black "Nogueiras Santiago, Jesus"]
[Result "1/2-1/2"]
[WhiteElo "2470"]
[BlackElo "2380"]
[PlyCount "40"]
[EventDate "1978.02.24"]
[EventType "tourn"]
[EventRounds "11"]
[EventCountry "CUB"]
[EventCategory "5"]
[SourceTitle "EXT 2003"]
[Source "ChessBase"]
[SourceDate "2002.11.25"]

1. c4 e6 2. d4 Nf6 3. Nc3 Bb4 4. e3 b6 5. Bd3 Bb7 6. Nf3 O-O 7. O-O c5 8. a3
Bxc3 9. bxc3 Be4 10. Be2 Nc6 11. a4 d6 12. Nd2 Bg6 13. f3 Nd7 14. Nb3 a5 15.
Nd2 f5 16. Nb1 Qe7 17. Na3 Nf6 18. Nb5 Rad8 19. Ra2 e5 20. d5 Na7 1/2-1/2

[Event "Havana Radio Rebelde"]
[Site "Havana"]
[Date "1978.??.??"]
[Round "10"]
[White "Hernandez Onna, Roman"]
[Black "Garcia, Guillermo"]
[Result "1/2-1/2"]
[WhiteElo "2470"]
[BlackElo "2535"]
[PlyCount "24"]
[EventDate "1978.02.24"]
[EventType "tourn"]
[EventRounds "11"]
[EventCountry "CUB"]
[EventCategory "5"]
[SourceTitle "EXT 2003"]
[Source "ChessBase"]
[SourceDate "2002.11.25"]

1. c4 Nf6 2. d4 e6 3. Nf3 Bb4+ 4. Bd2 Qe7 5. e3 Nc6 6. Be2 Bxd2+ 7. Qxd2 Ne4 8.
Qc2 f5 9. Nc3 Nxc3 10. Qxc3 Qb4 11. Rc1 d6 12. Qxb4 Nxb4 1/2-1/2

[Event "Havana Radio Rebelde"]
[Site "Havana"]
[Date "1978.??.??"]
[Round "11"]
[White "Perez Perez, Francisco Jose"]
[Black "Hernandez Onna, Roman"]
[Result "0-1"]
[WhiteElo "2280"]
[BlackElo "2470"]
[PlyCount "58"]
[EventDate "1978.02.24"]
[EventType "tourn"]
[EventRounds "11"]
[EventCountry "CUB"]
[EventCategory "5"]
[SourceTitle "EXT 2003"]
[Source "ChessBase"]
[SourceDate "2002.11.25"]

1. Nf3 c5 2. e4 Nc6 3. d4 cxd4 4. Nxd4 g6 5. Nc3 Bg7 6. Be3 Nf6 7. Bc4 O-O 8.
Bb3 a5 9. a4 Ng4 10. Qxg4 Nxd4 11. Qh4 Nxb3 12. cxb3 d6 13. Bh6 Be6 14. Bxg7
Kxg7 15. O-O Bxb3 16. Rfe1 Rc8 17. Re3 e5 18. Qg4 Qb6 19. h4 h5 20. Qe2 Rc5 21.
Rg3 Be6 22. Nb5 Rfc8 23. Nc3 Rc4 24. Rd3 Rb4 25. Rd2 Bc4 26. Qe1 Rxb2 27. Rxb2
Qxb2 28. Rb1 Qa3 29. Rxb7 Ba6 0-1

[Event "Bogota"]
[Site "Bogota"]
[Date "1978.??.??"]
[Round "?"]
[White "Geller, Efim P"]
[Black "Hernandez Onna, Roman"]
[Result "1-0"]
[WhiteElo "2590"]
[BlackElo "2465"]
[PlyCount "65"]
[EventDate "1978.03.11"]
[EventType "tourn"]
[EventRounds "15"]
[EventCountry "COL"]
[EventCategory "7"]
[SourceTitle "EXT 1998"]
[Source "ChessBase"]
[SourceDate "1997.11.17"]

1. Nf3 c5 2. c4 Nc6 3. Nc3 e6 4. g3 Nf6 5. Bg2 Be7 6. O-O O-O 7. d4 d5 8. cxd5
Nxd5 9. e4 Nb6 10. d5 exd5 11. exd5 Nb4 12. Ne1 Bf6 13. Be3 Bxc3 14. bxc3 N4xd5
15. Bxc5 Re8 16. Bd4 Bf5 17. a4 Rc8 18. a5 Nc4 19. Bxg7 Kxg7 20. Bxd5 Qf6 21.
Ng2 Qxc3 22. Rc1 Qd3 23. Bxb7 Nd2 24. Re1 Rxc1 25. Qxc1 Be4 26. Nh4 Nf3+ 27.
Nxf3 Qxf3 28. Qb2+ Kg6 29. Bxe4+ Rxe4 30. Qc2 f5 31. Qc6+ Kg5 32. Rxe4 fxe4 33.
Qd5+ 1-0

[Event "Bogota"]
[Site "Bogota"]
[Date "1978.??.??"]
[Round "?"]
[White "Gonzalez Rodriguez, Jorge Armando"]
[Black "Hernandez Onna, Roman"]
[Result "0-1"]
[WhiteElo "2370"]
[BlackElo "2465"]
[PlyCount "62"]
[EventDate "1978.03.11"]
[EventType "tourn"]
[EventRounds "15"]
[EventCountry "COL"]
[EventCategory "7"]
[SourceTitle "EXT 1998"]
[Source "ChessBase"]
[SourceDate "1997.11.17"]

1. c4 e5 2. Nc3 Nc6 3. g3 g6 4. Bg2 Bg7 5. d3 d6 6. Nf3 Nf6 7. Rb1 O-O 8. b4 a6
9. O-O Nh5 10. a4 f5 11. Bg5 Qd7 12. b5 axb5 13. axb5 Nd8 14. Qd2 Nf7 15. Nd5
h6 16. Be3 g5 17. Qc2 f4 18. Bb6 c6 19. Nc7 Rb8 20. Nd2 g4 21. Qa4 Ng5 22. bxc6
bxc6 23. Qxc6 f3 24. Qxd7 Bxd7 25. exf3 gxf3 26. Nxf3 Nxf3+ 27. Bxf3 Rxf3 28.
Be3 Rbf8 29. Nb5 Bh3 30. Rfe1 R3f6 31. Ra1 Nf4 0-1

[Event "Bogota"]
[Site "Bogota"]
[Date "1978.??.??"]
[Round "?"]
[White "Gutierrez Castillo, Jose Antonio"]
[Black "Hernandez Onna, Roman"]
[Result "0-1"]
[WhiteElo "2380"]
[BlackElo "2465"]
[PlyCount "60"]
[EventDate "1978.03.11"]
[EventType "tourn"]
[EventRounds "15"]
[EventCountry "COL"]
[EventCategory "7"]
[SourceTitle "EXT 1998"]
[Source "ChessBase"]
[SourceDate "1997.11.17"]

1. e4 c5 2. Nf3 Nc6 3. d4 cxd4 4. Nxd4 g6 5. Nc3 Bg7 6. Be3 Nf6 7. Bc4 O-O 8.
Bb3 a5 9. f3 d6 10. Qd2 Bd7 11. a4 Ne5 12. h4 Rc8 13. h5 Nc4 14. Bxc4 Rxc4 15.
Nde2 Be6 16. O-O-O Qd7 17. b3 Rb4 18. Bh6 Bxh6 19. Qxh6 Qc6 20. hxg6 fxg6 21.
Rd3 Rc8 22. g4 Bf7 23. Nf4 Qc5 24. Nfd5 Bxd5 25. g5 Nh5 26. Rxh5 gxh5 27. exd5
Rf8 28. Ne4 Rxe4 29. fxe4 Rf2 30. Qe6+ Kh8 0-1

[Event "Bogota"]
[Site "Bogota"]
[Date "1978.??.??"]
[Round "?"]
[White "Hernandez Onna, Roman"]
[Black "Cuellar Gacharna, Miguel"]
[Result "1-0"]
[WhiteElo "2465"]
[BlackElo "2365"]
[PlyCount "77"]
[EventDate "1978.03.11"]
[EventType "tourn"]
[EventRounds "15"]
[EventCountry "COL"]
[EventCategory "7"]
[SourceTitle "EXT 1998"]
[Source "ChessBase"]
[SourceDate "1997.11.17"]

1. c4 Nf6 2. Nc3 e5 3. Nf3 Nc6 4. d4 exd4 5. Nxd4 Bb4 6. Bg5 Bxc3+ 7. bxc3 Ne5
8. f4 Ng6 9. g3 h6 10. Bxf6 Qxf6 11. Bg2 d6 12. Rb1 O-O 13. O-O c6 14. e4 Rd8
15. Qh5 Nf8 16. c5 dxc5 17. Qxc5 Qd6 18. Qxd6 Rxd6 19. e5 Rd8 20. h3 a6 21.
Rfd1 Be6 22. Rd2 c5 23. Nf3 Rxd2 24. Nxd2 Bxa2 25. Rxb7 Rd8 26. Ne4 Rd1+ 27.
Kf2 Bd5 28. Ra7 Bc4 29. Nd6 Rd2+ 30. Kg1 Be6 31. f5 Bd7 32. c4 Rd1+ 33. Kf2
Rd2+ 34. Kf1 g6 35. g4 gxf5 36. gxf5 Rd4 37. Be4 Kg7 38. Bd5 a5 39. e6 1-0

[Event "Bogota"]
[Site "Bogota"]
[Date "1978.??.??"]
[Round "?"]
[White "Hernandez Onna, Roman"]
[Black "Garcia, Gildardo"]
[Result "1-0"]
[WhiteElo "2465"]
[BlackElo "2365"]
[PlyCount "41"]
[EventDate "1978.03.11"]
[EventType "tourn"]
[EventRounds "15"]
[EventCountry "COL"]
[EventCategory "7"]
[SourceTitle "EXT 1998"]
[Source "ChessBase"]
[SourceDate "1997.11.17"]

1. c4 Nf6 2. Nc3 e6 3. Nf3 d5 4. d4 b6 5. Bg5 Be7 6. e3 Bb7 7. Bd3 Nbd7 8. O-O
O-O 9. Rc1 a6 10. cxd5 exd5 11. Qc2 Rc8 12. Bf5 h6 13. Bxf6 Bxf6 14. b4 c5 15.
bxc5 bxc5 16. Qb3 cxd4 17. exd4 Ba8 18. Nxd5 Rxc1 19. Rxc1 Qb8 20. Bxd7 Qxb3
21. Nxf6+ 1-0